Canada Provinces by last 2 letters! - Statistics

General Stats
  • This quiz has been taken 68 times
  • The average score is 9 of 13
Answers on the Map
Answers color-coded by a green-red scale on the quiz's map according to % correct below.
 
Answer Stats
Province / Territory % Correct
British Columbia
79%
Nova Scotia
79%
Yukon
79%
Alberta
77%
Ontario
77%
Saskatchewan
77%
Newfoundland and Labrador
74%
Manitoba
72%
Quebec
70%
Nunavut
66%
Northwest Territories
60%
New Brunswick
55%
Prince Edward Island
53%
No matching quizzes found
Score Distribution
Percent of People with Each Score
Percentile by Number Answered
Your Score History
You have not taken this quiz